| 000 | 00676nam a2200229Ia 4500 | ||
|---|---|---|---|
| 001 | 9690 | ||
| 003 | GE_BSU | ||
| 008 | 181216s||||||||xx |||||||||||||| ||und|| | ||
| 040 | _cGE_BSU | ||
| 080 | _a82-93 | ||
| 100 | _aნაკაშიძე,ნინო | ||
| 245 | _aრთველი | ||
| 245 | _bმოთხრობები საშუალო ასაკისათვის | ||
| 245 | _cრედ.ალ სულავა | ||
| 260 | _aთბილისი | ||
| 260 | _bსაბლიტგამი | ||
| 260 | _c1940 | ||
| 300 | _a148ილ.22სმ. | ||
| 653 | _aმოთხრობები | ||
| 653 | _aრთველი | ||
| 942 | _cBK | ||
| 999 |
_c42973 _d42973 |
||